Statistiques concernant Culture Générale - Série 414

Cliquez ici pour prendre le quiz!

Statistiques générales

  • Ce quiz a été pris 463 fois
  • Le résultat moyen est 7 sur 10

Statistiques - réponses

QuestionRéponse% Correct
Quelle est la couleur du maillot de bain des sauveteurs d'"Alerte à Malibu" ?Rouge
98%
Quelle femme politique ayant libéralisé l'accès à la contraception est à l'origine de la loi sur l'I.V.G. ?Simone Veil
95%
Quel marsupial arboricole appelé aussi "paresseux australien" se nourrit principalement de feuilles d'eucalyptus ?Le koala
92%
'habit de cérémonie masculin se terminant par deux pans arrondis dans le dos est appelé "queue de morue" ou queue de...Pie
79%
Quel mot russe signifiant "compagnon de voyage" a désigné le premier satellite artificiel de la Terre ?Spoutnik
76%
Quel "petit garçon" créé par Sempé et Goscinny a fêté ses 50 ans en 2009 ?Le Petit Nicolas
72%
Dans le film "Titanic", quelle actrice incarne "Rose" aux côtés de Leonardo DiCaprio ?Kate Winslet
65%
Quelle navigatrice française, surnommée "la petite fiancée de l'Atlantique", a remporté la route du Rhum en 1990 ?Florence Arthaud
47%
Quel était le nom du bateau sur lequel Alain Colas a disparu pendant la Route du Rhum 1978 ?Manureva
38%
Quel chanteur français se fait désormais appeler Captain Samouraï Flower ?Pascal Obispo
26%

Distribution des résultats

Percentile par nombre de réponses

% des personnes avec chaque résultat

Votre développement - résultats

Vous n’avez pas pris ce quiz